[Event "UKR-chT"]
[Site "Alushta"]
[Date "1998.??.??"]
[Round "?"]
[White "Ponomariov, Ruslan"]
[Black "Tikhomirov, Alexey"]
[Result "1-0"]
[WhiteElo "2580"]
[BlackElo "2320"]

1.e4 e5 2.Nf3 Nc6 3.d4 exd4 4.Nxd4 Bc5 5.Be3 Qf6 6.c3 Nge7 7.Bc4 O-O 8.O-O a6
9.Bb3 Bxd4 10.cxd4 d5 11.e5 Qg6 12.Nc3 Be6 13.f4 Rad8 14.Rc1 Na5 15.Bc2 Nf5
16.Bf2 Nc4 17.b3 Nb2 18.Bxf5 Qxf5 19.Qf3 h5 20.Ne2 Nd3 21.Rc3 Qe4 22.Qe3 Nb4
23.Nc1 c5 24.a3 cxd4 25.Qxd4 Nc6 26.Qd2  1-0

[Event "UKR-chT"]
[Site "Alushta"]
[Date "1998.??.??"]
[Round "?"]
[White "Ponomariov, Ruslan"]
[Black "Zozulia, Anna"]
[Result "1-0"]
[WhiteElo "2580"]
[BlackElo "2250"]

1.e4 c5 2.c3 d6 3.d4 Nf6 4.Bd3 g6 5.dxc5 dxc5 6.e5 c4 7.Qa4+ Bd7 8.Qxc4 Ng4
9.f4 Nc6 10.Be4 Rc8 11.Qe2 Nd4 12.Qd2 Bf5 13.Bxf5 Nxf5 14.Qxd8+ Rxd8 15.Ke2 e6
16.Nf3 Bc5 17.Nbd2 Nf2 18.Rf1 Nd3 19.Ne4 Nxc1+ 20.Rfxc1 Be3 21.Rd1 Bxf4 22.g3 Bh6
23.g4  1-0

[Event "UKR-chT"]
[Site "Alushta"]
[Date "1998.??.??"]
[Round "?"]
[White "Pavlov, Maxim"]
[Black "Ponomariov, Ruslan"]
[Result "0-1"]
[WhiteElo "2290"]
[BlackElo "2580"]

1.e4 d6 2.d4 Nf6 3.Nc3 g6 4.f4 Bg7 5.Nf3 O-O 6.Bd3 Na6 7.O-O c5 8.d5 Bg4
9.Qe1 Nb4 10.a3 Nxd3 11.cxd3 Qb6 12.Kh1 Rac8 13.h3 Bxf3 14.Rxf3 Nd7 15.Qe2 Qb3
16.Be3 Bxc3 17.bxc3 Qxc3 18.Rc1 Qxa3 19.Rff1 Qa5 20.Ra1 Qc7 21.Rxa7 Ra8 22.Rxa8 Rxa8
23.Rb1 Rb8 24.Rb5 b6 25.Qc2 Qa7 26.Bc1 Qa6 27.Qc4 Ra8 28.Bb2 Qa4 29.Qc3 f6
30.Rb3 b5 31.Kh2 b4 32.Qc2 Rc8 33.g4 c4 34.dxc4 Nc5  0-1

[Event "UKR-chT"]
[Site "Alushta"]
[Date "1998.??.??"]
[Round "?"]
[White "Ponomariov, Ruslan"]
[Black "Cherniakhovsky, Petr"]
[Result "1-0"]
[WhiteElo "2580"]
[BlackElo "2245"]

1.e4 c6 2.d4 d5 3.Nc3 dxe4 4.Nxe4 Bf5 5.Ng3 Bg6 6.h4 h6 7.Nf3 Nd7 8.h5 Bh7
9.Bd3 Bxd3 10.Qxd3 e6 11.Bf4 Qa5+ 12.Bd2 Qc7 13.O-O-O Ngf6 14.Ne4 Nxe4 15.Qxe4 Nf6
16.Qe2 O-O-O 17.Kb1 Bd6 18.c4 c5 19.Bc3 a6 20.d5 Rhe8 21.Qc2 Kb8 22.Bxf6 gxf6
23.Rhe1 f5 24.Qc3 e5 25.Nh4 f4 26.Nf5 f6 27.g4 fxg3 28.fxg3 Rg8 29.Re4 Qh7
30.Qf3 Rg5 31.g4 Qh8 32.a3 Qf8 33.Ka2 Rg8 34.Rf1 Rd7 35.Nxd6 Qxd6 36.Qxf6 Qxf6
37.Rxf6 Rdg7 38.d6 b6 39.Rxh6  1-0

[Event "Cannes Generations"]
[Site "Cannes"]
[Date "1998.??.??"]
[Round "3"]
[White "Gligoric, Svetozar"]
[Black "Ponomariov, Ruslan"]
[Result "0-1"]
[WhiteElo "2480"]
[BlackElo "2580"]

1.d4 f5 2.g3 Nf6 3.Bg2 e6 4.c4 c6 5.Nf3 d5 6.O-O Bd6 7.b3 Qe7 8.Bb2 b6 9.Nc3 Nbd7
10.Qc2 Ba6 11.Rfc1 Rc8 12.cxd5 cxd5 13.Qd1 O-O 14.a4 Ne4 15.Nb5 Rxc1 16.Rxc1 Bxb5
17.axb5 f4 18.e3 fxe3 19.fxe3 Qf6 20.Qe2 Qh6 21.Rc2 Ndf6 22.Bc1 Ng4 23.h3 Ngf2
24.Qf1 Bxg3 25.Ba3 Qxe3  0-1

[Event "Cannes Generations"]
[Site "Cannes"]
[Date "1998.??.??"]
[Round "6"]
[White "Ponomariov, Ruslan"]
[Black "Gligoric, Svetozar"]
[Result "1/2-1/2"]
[WhiteElo "2580"]
[BlackElo "2480"]

1.e4 e5 2.Nf3 Nc6 3.Nc3 Nf6 4.g3 Bc5 5.Bg2 d6 6.d3 a6 7.O-O O-O 8.h3 h6 9.Be3 Bxe3
10.fxe3 Nh7 11.Nh4 Ne7 12.Kh2 c6 13.d4 Be6 14.Nf5 Bxf5 15.exf5 Nf6 16.Qd2 Qc7
17.e4 Rad8 18.Rae1 Rfe8 19.dxe5 dxe5 20.Qe3 Nc8 21.b3 Qb6 22.Qf3 Rd2 23.Re2 Rxe2
24.Nxe2 Qc5 25.Qd3 Qa5 26.Nc3 Rd8 27.Qe3 Qb6 28.Qe2 Qa5 29.Rf3 Nb6 30.g4 Rd4
31.Qe3 Nbd7 32.Rg3 Qd8 33.Bf3 Nh7 34.Ne2 Rd6 35.Rg2 Ng5 36.Ng1 Nh7 37.Rd2 Rxd2+
38.Qxd2 Qe7 39.Ne2 Kf8 40.Kg3 Ke8 41.h4 Kd8 42.b4 Kc7 43.a3 Nb6 44.Nc1 Nf6
45.Nd3 Nfd7 46.Qc3 g5 47.fxg6 fxg6 48.Qb3 Nf8 49.a4 Nbd7 50.b5 axb5 51.axb5 Ne6
52.bxc6 bxc6 53.Qa4 Nd4 54.Qa5+ Kb7 55.Bd1 g5 56.h5 Ne6 57.Bf3 Nf4 58.Nb2 Qf6
59.Qc3 Kc7 60.Qa5+ Kb7 61.Qc3 Kc7  1/2-1/2

[Event "Chess Masters 3rd"]
[Site "Enghien-les-Bains"]
[Date "1999.03.05"]
[Round "3"]
[White "Rausis, Igors"]
[Black "Ponomariov, Ruslan"]
[Result "1/2-1/2"]
[WhiteElo "2508"]
[BlackElo "2609"]

1.Nf3 d5 2.d4 c5 3.dxc5 e6 4.Be3 Nd7 5.c4 Nxc5 6.Nc3 Nf6 7.g3 Be7 8.Bg2 O-O
9.cxd5 exd5 10.O-O Bg4 11.h3 Be6 12.Nd4 Rc8 13.Rc1 a6 14.Rc2 b5 15.a3 Qd7
16.Kh2 Rfd8 17.Rd2 Qb7 18.Qb1 Nce4 19.Nxe4 Nxe4 20.Rd3 Bd7 21.Rfd1 Bf6 22.Qa2 Re8
23.Nf3 Rc2 24.Nd4 Rc4 25.Nb3 Qc7 26.Nd2 Be6 27.Qb1 Rc2 28.Nxe4 dxe4 29.R3d2 Rxd2
30.Rxd2 Bf5 31.Rd5 Bg6 32.Rc5 Qb8 33.Qc1 h5 34.h4 b4 35.Bf4 Qb6 36.axb4 Qxb4
37.Rc8 Qb5 38.Rxe8+ Qxe8 39.b4 Qb5 40.e3 Qxb4 41.Qc8+ Kh7 42.Qxa6 Qb2 43.Kg1 Bc3
44.Bf1 Qa1  1/2-1/2

[Event "Chess Masters 3rd"]
[Site "Enghien-les-Bains"]
[Date "1999.03.10"]
[Round "7"]
[White "Lautier, Joel"]
[Black "Ponomariov, Ruslan"]
[Result "1-0"]
[WhiteElo "2596"]
[BlackElo "2609"]

1.d4 Nf6 2.Nf3 c5 3.d5 d6 4.Nc3 g6 5.e4 Bg7 6.Be2 O-O 7.O-O Na6 8.Nd2 Nc7
9.a4 b6 10.Nc4 Ba6 11.Bg5 Qd7 12.b3 e6 13.Qd2 exd5 14.exd5 Rfe8 15.Bf3 Ng4
16.h3 Ne5 17.Be2 Nxc4 18.Bxc4 Bxc4 19.bxc4 a6 20.Rab1 Rab8 21.Rb3 f5 22.Rfb1 Na8
23.h4 h5 24.a5 Qc7 25.Ne2 bxa5 26.Nf4 Rb4 27.Re1 Qf7 28.Re6 Rxc4 29.Rb7 Qxb7
30.Rxe8+ Kh7 31.Re7 Qb1+ 32.Kh2 Rxc2 33.Qe3 Qb2 34.Qe6  1-0

[Event "Eu Team Ch"]
[Site "Batumi GEO"]
[Date "1999.11.29"]
[Round "1"]
[White "Ponomariov,R"]
[Black "Ivanisevic,I"]
[Result "1-0"]
[WhiteElo "2616"]
[BlackElo "2447"]

1.e4 c5 2.Nf3 Nc6 3.d4 cxd4 4.Nxd4 Qc7 5.Nc3 e6 6.Ndb5 Qb8 7.Be3 a6 8.Bb6 axb5
9.Nxb5 Bb4+ 10.c3 Ba5 11.Nc7+ Kf8 12.Nxa8 Qxa8 13.Qd6+ Nge7 14.Qa3 f5 15.b4 fxe4
16.bxa5 Kf7 17.Qd6 Nd5 18.Bc4 Nxb6 19.axb6 Qa5 20.O-O Qxc3 21.Rac1 Qd4 22.Qxd4 Nxd4
23.Rfd1 Nf5 24.g4 Ne7 25.Bb5 Nd5 26.Rc2 Nxb6 27.Rdc1 d5 28.Rc7+ Kf6 29.a4 e5
30.a5 Nc4 31.Bxc4 dxc4 32.R1xc4 Bxg4 33.Rxb7 Bf3 34.Rc6+ Kg5 35.Rxg7+ Kh5
36.Rc1 Kh6 37.Rg3 Ra8 38.Ra1 Ra6 39.Kf1 Kh5 40.Ke1 Kh4 41.Kd2 Rd6+ 42.Kc3 Be2
43.Kb4 Rf6 44.Ra2 Bd3 45.Kc5 Ra6 46.Kd5  1-0

[Event "Eu Team Ch"]
[Site "Batumi GEO"]
[Date "1999.12.03"]
[Round "5"]
[White "Izeta,F"]
[Black "Ponomariov,R"]
[Result "1/2-1/2"]
[WhiteElo "2505"]
[BlackElo "2616"]

1.d4 Nf6 2.Nf3 c5 3.d5 d6 4.Nc3 g6 5.e4 Bg7 6.Bc4 O-O 7.O-O Na6 8.h3 Nc7
9.Qd3 a6 10.a4 e5 11.dxe6 Bxe6 12.Bxe6 Nxe6 13.Rd1 b5 14.axb5 axb5 15.Rxa8 Qxa8
16.Qxb5 Nxe4 17.Nxe4 Qxe4 18.Qd3 d5 19.c3 Qxd3 20.Rxd3 Rd8 21.Be3 h6 22.Rd1 f5
23.g3 g5 24.b4 f4 25.gxf4 gxf4 26.Bxc5 Bxc3 27.Nd4 Kf7 28.Kf1 Nxd4 29.Bxd4 Bxb4
30.Ke2 Ra8 31.Kf3 Bd6 32.Bb2 Ke6 33.Re1+ Kf5 34.Rd1 Ra5 35.Bc1 Rb5 36.Rd3 h5
37.Bd2 Be5 38.Bc1 Rb1 39.Bd2 d4 40.Ba5 Rh1 41.Ke2 Ke4 42.Bd2 Bd6 43.Rb3 Rh2
44.Be1 Bc5 45.Rf3 Rg2 46.Rb3 Ba7 47.Rf3 Bb6 48.Ra3 Bc5 49.Rb3 Rg1 50.Bd2 Ra1
51.Rf3 Bd6 52.Rb3 f3+ 53.Rxf3 Ra2 54.Rb3 Bf4 55.Rd3 Kd5 56.Kd1 Kc4 57.Rxd4+ Kxd4
58.Bxf4 Rxf2 59.Bg5 Ke4 60.h4 Kf3 61.Ke1 Ra2 62.Bf6 Kg2 63.Bg5 Ra4 64.Ke2 Re4+
65.Kd3 Kf3 66.Kd2 Re6 67.Kd1 Kf2 68.Kd2 Rd6+ 69.Kc3 Kf3 70.Be7 Rd7 71.Bg5 Ke4
72.Bh6 Rd8 73.Bg5 Rd6 74.Kc2 Rd3 75.Bh6 Rd7 76.Bg5 Kf3 77.Kc3 Ke2 78.Kc4 Rd3
79.Bh6 Ra3 80.Bg5 Kf3 81.Kd4 Ra4+ 82.Kd3 Rg4 83.Kd2 Rd4+ 84.Kc3 Ke4 85.Kc2 Rd3
86.Bh6 Kd4 87.Bg5 Kc4 88.Kc1 Kb3 89.Be7 Rd7 90.Bf6 Rd5 91.Bg5 Kc3 92.Bh6 Rd7
93.Bg5 Rd6 94.Bf4 Re6 95.Kd1 Kd3 96.Bg5 Re4 97.Bd8 Ke3 98.Bg5+ Kf3 99.Kd2 Rd4+
100.Kc3 Rd7 101.Kc2 Ke2 102.Kc3 Rd3+ 103.Kc4 Ra3 104.Kd4 Ra4+ 105.Kc3 Rg4
106.Bf6 Rg3+ 107.Kd4 Rd3+ 108.Kc4 Ke3 109.Be7 Ke4 110.Bg5 Rg3  1/2-1/2

[Event "UKR-Team"]
[Site "Alushta UKR"]
[Date "2000.04.16"]
[Round "7"]
[White "Gaponenko,I"]
[Black "Ponomariov,R"]
[Result "0-1"]
[WhiteElo "2377"]
[BlackElo "2627"]

1.e4 d6 2.d4 Nf6 3.Nc3 g6 4.Nf3 Bg7 5.Be2 O-O 6.O-O a6 7.Re1 e6 8.h3 Nc6
9.d5 exd5 10.exd5 Ne7 11.a4 b6 12.Bc4 Bb7 13.Bb3 Qd7 14.Bc4 Rfe8 15.Bg5 h6
16.Bxf6 Bxf6 17.Ne4 Bg7 18.Qd3 Kf8 19.Nc3 Qf5 20.Qd2 Ng8 21.Bd3 Qd7 22.Rxe8+ Rxe8
23.Bc4 Nf6 24.Rd1 Nh5 25.Nd4 Qe7 26.g4 Nf6 27.Nc6 Qd7 28.Qd3 Nxd5 29.Nxd5 Bxc6
30.Bxa6 Bxa4 31.Nb4 Bxb2 32.c3 Bxd1  0-1

[Event "3rd Int"]
[Site "Torshavn FAI"]
[Date "2000.10.07"]
[Round "2"]
[White "Ponomariov,R"]
[Black "Hillarp Persson,T"]
[Result "1-0"]
[WhiteElo "2630"]
[BlackElo "2549"]

1.e4 c5 2.Nf3 e6 3.Nc3 a6 4.d4 cxd4 5.Nxd4 b5 6.Bd3 Qb6 7.Nf3 Bb7 8.O-O Qc7
9.Re1 d6 10.a4 bxa4 11.Bf4 Nd7 12.Rxa4 Ne7 13.Qa1 Ng6 14.Be3 Qc8 15.Qa2 Be7
16.Ra1 Bf6 17.Rc4 Qb8 18.Qa4 Ke7 19.Qb3 Rc8 20.Rb4 Rc7 21.Na4 Qc8 22.Bb6 Rc6
23.Nd4 a5 24.Rb5 Bxd4 25.Bxd4 Ba6 26.Rxa5 Bxd3 27.Rxa8 Qxa8 28.cxd3 Nf4 29.Qd1 Qa6
30.g3 Nxd3 31.Nc3 Nxb2  1-0

[Event "3rd Int"]
[Site "Torshavn FAI"]
[Date "2000.10.09"]
[Round "4"]
[White "Ponomariov,R"]
[Black "Savchenko,S"]
[Result "1-0"]
[WhiteElo "2630"]
[BlackElo "2579"]


1.e4 e6 2.d4 d5 3.Nd2 c5 4.exd5 Qxd5 5.Ngf3 cxd4 6.Bc4 Qd6 7.O-O Nf6 8.Nb3 Nc6
9.Nbxd4 Nxd4 10.Nxd4 a6 11.Bd3 Bd7 12.Nf3 Qc7 13.Re1 Bd6 14.Bg5 O-O-O 15.Qe2 Bc6
16.Ne5 Bxe5 17.Qxe5 Qxe5 18.Rxe5 Rd5 19.Rae1 Rxe5 20.Rxe5 Nd7 21.Re1 h6 22.Bc1 Nc5
23.Bf1 Rd8 24.f3 Bb5 25.c4 Bc6 26.Be3 b6 27.b4 Na4 28.h4 Kb7 29.a3 b5 30.c5 Bd5
31.Bd4 f6 32.Kf2 Bc4 33.Ke3 e5 34.Ba1 h5 35.Be2 Kc6 36.Rd1 Rd5 37.Rxd5 Kxd5
38.Bd1 g5 39.g3 Ke6 40.Bc2 gxh4 41.gxh4  1-0

[Event "3rd Int"]
[Site "Torshavn FAI"]
[Date "2000.10.14"]
[Round "9"]
[White "Stefansson,H"]
[Black "Ponomariov,R"]
[Result "0-1"]
[WhiteElo "2557"]
[BlackElo "2630"]

1.e4 g6 2.d4 Bg7 3.c4 d6 4.Nc3 Nf6 5.f3 O-O 6.Bg5 a6 7.Qd2 c5 8.d5 b5 9.cxb5 Qa5
10.a4 Nbd7 11.Ra3 Qb4 12.Nh3 Ne5 13.Nf2 Bd7 14.b6 Qxb6 15.f4 Neg4 16.Nfd1 h6
17.Bh4 g5 18.fxg5 hxg5 19.Bxg5 Nh7 20.Bf4 f5 21.Bd3 c4 22.Bc2 fxe4 23.Bxe4 Rf7
24.h3 Ne5 25.Be3 Qb7 26.Nf2 Rb8 27.Ra2 Nf6 28.Bc2 Nh5 29.O-O Ng3 30.Re1 Rbf8
31.Nce4 Nf5 32.Bb1 Nxe3 33.Qxe3 Qxd5 34.Ra3 Bc6 35.Rd1 Nd3 36.Bxd3 cxd3 37.Raxd3 Qe5
38.R1d2 Bxe4  0-1

[Event "3rd Rector Cup"]
[Site "Kharkov RUS"]
[Date "2001.04.18"]
[Round "1"]
[White "Pelletier,Y"]
[Black "Ponomariov,R"]
[Result "1-0"]
[WhiteElo "2531"]
[BlackElo "2673"]

1.Nf3 Nf6 2.c4 c5 3.Nc3 Nc6 4.d4 cxd4 5.Nxd4 e6 6.g3 Qb6 7.Ndb5 Ne5 8.Bg2 a6
9.Qa4 Rb8 10.Be3 Bc5 11.Bxc5 Qxc5 12.Qa3 Qxa3 13.Nxa3 Ke7 14.f4 Nc6 15.e4 d6
16.Nc2 Bd7 17.O-O-O Rhc8 18.Rd3 Na5 19.b3 b5 20.cxb5 axb5 21.Rhd1 b4 22.e5 Ng4
23.Rxd6 Rc7 24.Ne2 Nb7 25.Kb1 Nc5 26.R6d4 f6 27.R1d2 fxe5 28.fxe5 Nxe5 29.Nxb4 Be8
30.Nf4 g5 31.Nfd5+ exd5 32.Nxd5+ Kd8 33.Nxc7+ Kxc7 34.Rc2 Bg6 35.Be4 Bxe4
36.Rxe4 Nd7 37.Rd4 Rb7 38.Rxd7+ Kxd7 39.Rxc5 h6 40.Kb2 Rb4 41.a4 Re4 42.Rc2 h5
43.Ka3 Re5 44.Kb4 Kd6 45.a5  1-0

[Event "3rd Rector Cup"]
[Site "Kharkov RUS"]
[Date "2001.04.20"]
[Round "3"]
[White "Zubarev,A1"]
[Black "Ponomariov,R"]
[Result "0-1"]
[WhiteElo "2460"]
[BlackElo "2673"]

1.c4 Nf6 2.Nc3 g6 3.g3 Bg7 4.Bg2 O-O 5.Nf3 d6 6.O-O a6 7.d4 Nc6 8.h3 Bd7
9.Be3 Rb8 10.a4 a5 11.Qd2 e5 12.Rfd1 Bf5 13.Rac1 Ne4 14.Nxe4 Bxe4 15.dxe5 dxe5
16.Bc5 Qxd2 17.Nxd2 Bxg2 18.Bxf8 Bxh3 19.Bxg7 Kxg7 20.f3 Nd4 21.Kf2 Bd7 22.b3 Bc6
23.c5 Ra8 24.e3 Ne6 25.f4 exf4 26.exf4 g5 27.f5 Nd4 28.g4 Re8 29.Re1 Rd8
30.Red1 Rd5 31.Nc4 Nxb3 32.Rxd5 Bxd5 33.Rc2 Bc6 34.Ra2 Kf6 35.Ke3 Nxc5 36.Nxa5 Bd5
37.Rh2 Nxa4 38.Rxh7 c5 39.Kd3 b5 40.Rh6+ Ke5 41.Ke3 Nb2 42.Rb6 b4 43.Rb8 Nd1+
44.Ke2 Nc3+ 45.Ke3 Kd6 46.Kd3 Ne4 47.Rd8+ Ke5 48.Nc4+ Bxc4+ 49.Kxc4 Kf4 50.Kd5 b3
51.Rb8 Nf6+ 52.Kc4 Nxg4 53.Rxb3 Nf2 54.Kxc5 g4 55.Kd6 Ne4+ 56.Kd5 Ng5 57.f6 g3
58.Rb4+ Kf3 59.Rb3+ Kg4 60.Rb4+ Kh3 61.Rb3 Kh2 62.Ke5 g2 63.Rb2 Kh1 64.Kf5 g1=Q  0-1

[Event "3rd Rector Cup"]
[Site "Kharkov RUS"]
[Date "2001.04.23"]
[Round "8"]
[White "Ponomariov,R"]
[Black "Zubarev,A1"]
[Result "1-0"]
[WhiteElo "2673"]
[BlackElo "2460"]

1.e4 c5 2.Nf3 Nc6 3.d4 cxd4 4.Nxd4 e5 5.Nb5 d6 6.c4 Be7 7.b3 f5 8.exf5 Nf6
9.Bd3 e4 10.Be2 Bxf5 11.O-O a6 12.Nd4 Nxd4 13.Qxd4 O-O 14.Nc3 Qe8 15.Bf4 Rd8
16.Rad1 Kh8 17.f3 Qg6 18.fxe4 Nxe4 19.Nd5 Bh3 20.Bf3 Ng5 21.Qd2 Nxf3+ 22.Rxf3 Bg4
23.Nxe7 Qh5 24.Rdf1 Bxf3 25.Rxf3 Rde8 26.Rh3 Qg4 27.Qd3 h5 28.Ng6+ Kg8 29.Nxf8  1-0

[Event "2nd IECC"]
[Site "Ohrid MKD"]
[Date "2001.06.02"]
[Round "2"]
[White "Ponomariov,R"]
[Black "Blehm,P"]
[Result "1/2-1/2"]
[WhiteElo "2673"]
[BlackElo "2530"]

1.e4 c5 2.Nf3 d6 3.d4 cxd4 4.Nxd4 Nf6 5.Nc3 Nc6 6.Bg5 e6 7.Qd2 a6 8.O-O-O Bd7
9.f4 b5 10.Bxf6 gxf6 11.Kb1 b4 12.Nce2 Qb6 13.f5 e5 14.Nxc6 Bxc6 15.Ng3 h5
16.h4 Qc5 17.b3 Ke7 18.Bd3 Bh6 19.Qe1  1/2-1/2

[Event "2nd IECC"]
[Site "Ohrid MKD"]
[Date "2001.06.06"]
[Round "6"]
[White "Ponomariov,R"]
[Black "Psakhis,L"]
[Result "1-0"]
[WhiteElo "2673"]
[BlackElo "2575"]

1.e4 e6 2.d4 d5 3.Nc3 Nf6 4.Bg5 dxe4 5.Nxe4 Nbd7 6.Nf3 h6 7.Nxf6+ Nxf6 8.Bh4 c5
9.Bd3 cxd4 10.Nxd4 Be7 11.O-O O-O 12.Bg3 Bd7 13.c3 Qb6 14.Qe2 Bd6 15.f4 Qc5
16.Rae1 Rae8 17.Kh1 b6 18.h3 Nh5 19.Bh2 Nf6 20.a3 Qc7 21.Qf3 Qc5 22.Bc2 Rc8
23.Bg1 Qc7 24.Bd3 Qb8 25.Ba6 Rcd8 26.Bb5 Bxb5 27.Nxb5 Bc5 28.Nd4 Qa8 29.Qxa8 Rxa8
30.f5 exf5 31.Nxf5 Bxg1 32.Kxg1 Rfe8 33.Rxe8+ Nxe8 34.Rd1 Nf6 35.Rd6 Kf8
36.Rc6 Ne8 37.Kf2 Rd8 38.Ke3 h5 39.c4 g6 40.Nd4 Ke7 41.b4 Kd7 42.c5 Nc7 43.Rd6+ Kc8
44.Rxd8+ Kxd8 45.Nc6+ Kd7 46.Nxa7 bxc5 47.bxc5 Ne6 48.c6+ Kc7 49.Nb5+ Kb6
50.c7  1-0

[Event "Olympiad"]
[Site "Bled SLO"]
[Date "2002.10.28"]
[Round "3"]
[White "Ehlvest,J"]
[Black "Ponomariov,R"]
[Result "1/2-1/2"]
[WhiteElo "2600"]
[BlackElo "2743"]

1.c4 Nf6 2.Nf3 e6 3.d4 b6 4.e3 Bb7 5.Bd3 d5 6.O-O dxc4 7.Bxc4 a6 8.Qd2 Nbd7
9.a4 c5 10.Nc3 Bd6 11.Rd1 cxd4 12.exd4 Qc7 13.d5 O-O 14.dxe6 Bxf3 15.gxf3 Bxh2+
16.Kg2 fxe6 17.Bxe6+  1/2-1/2

[Event "Olympiad"]
[Site "Bled SLO"]
[Date "2002.11.04"]
[Round "9"]
[White "Spasov,V"]
[Black "Ponomariov,R"]
[Result "0-1"]
[WhiteElo "2591"]
[BlackElo "2743"]

1.e4 c5 2.Nf3 d6 3.d4 cxd4 4.Nxd4 Nf6 5.Nc3 a6 6.Be3 e5 7.Nb3 Be6 8.f3 Nbd7
9.g4 b5 10.g5 b4 11.Ne2 Nh5 12.Qd2 h6 13.gxh6 g6 14.O-O-O a5 15.Kb1 Nhf6
16.Ned4 exd4 17.Nxd4 Qc7 18.Nxe6 fxe6 19.Bh3 Kf7 20.Rhg1 Ne5 21.Qg2 Rg8 22.f4 Nc4
23.Bd4 e5 24.fxe5 dxe5 25.h7 Nxh7 26.Rdf1+ Nf6 27.Rxf6+ Kxf6 28.Qg5+ Kf7
29.Rf1+ Ke8 30.Be6 Be7 31.Qh6 Rf8 32.Qxg6+ Kd8 33.Bxc4 Qxc4 34.Bb6+ Kc8 35.Rd1 Rf1
36.Qe8+ Kb7 37.Qxe7+ Ka6  0-1

[Event "Olympiad"]
[Site "Bled SLO"]
[Date "2002.11.08"]
[Round "13"]
[White "Georgiev,Ki"]
[Black "Ponomariov,R"]
[Result "1-0"]
[WhiteElo "2658"]
[BlackElo "2743"]

1.d4 Nf6 2.c4 e6 3.Nf3 d5 4.g3 dxc4 5.Bg2 a6 6.O-O Nc6 7.e3 Bd7 8.Qe2 b5
9.a4 Rb8 10.axb5 axb5 11.b3 cxb3 12.Nbd2 Bb4 13.Nxb3 O-O 14.Bb2 Ne4 15.Ne1 Nc3
16.Qc2 Na4 17.Nd3 Nxb2 18.Qxb2 Bd6 19.Rfc1 Rb6 20.h4 Qe7 21.Nd2 Rfb8 22.Ne4 Be8
23.h5 h6 24.Nf4 Bxf4 25.gxf4 Nb4 26.Nc5 Nd5 27.Ra7 Qh4 28.Na6 Rd8 29.Nxc7 Nxc7
30.Raxc7 Qxh5 31.Qb4 Qh4 32.Qc5 Rbb8 33.Qb4 Qf6 34.Be4 g6 35.Kg2 h5 36.R1c5 Rd7
37.Rxd7 Bxd7 38.Rg5 Rc8 39.Qd6 Be8 40.d5 Rc4 41.Bd3 Rc8 42.dxe6 fxe6 43.Bxb5 Bxb5
44.Rxb5 Rd8 45.Qc6 Qf7 46.Rb6 Re8 47.Rb5 Re7 48.Qc3 Kh7 49.Kg3 Qg7 50.Qc5 Qf6
51.Qd6 Kg7 52.Kg2 Kh7 53.Qd8 Qg7 54.Qd6 Qf6 55.Kg3 Kg7 56.Rb8 e5 57.Rg8+ Kxg8
58.Qxf6 exf4+ 59.exf4 Rf7 60.Qxg6+ Rg7 61.Qg5  1-0

[Event "Blitz Match"]
[Site "Andorra AND"]
[Date "2003.03.12"]
[Round "1"]
[White "De la Riva Aguado,O"]
[Black "Ponomariov,R"]
[Result "0-1"]
[WhiteElo "2528"]
[BlackElo "2734"]

1.e4 e5 2.Nf3 Nc6 3.Nc3 Nf6 4.g3 d5 5.exd5 Nxd5 6.Bg2 Nxc3 7.bxc3 Bc5 8.O-O O-O
9.Re1 Re8 10.d3 Bg4 11.h3 Bh5 12.Rb1 Bb6 13.Be3 Qd7 14.g4 Bg6 15.Nh4 Rad8
16.Qe2 Qe7 17.Nf5 Qe6 18.Be4 Qxa2 19.Rb3 Na5 20.Rb4 Qe6 21.Qf3 Bxe3 22.fxe3 b6
23.h4 c5 24.Ra4 c4 25.Rf1 cxd3 26.cxd3 Qb3 27.Raa1 Qxc3 28.Rac1 Qb3 29.Rc7 Qe6
30.g5 Rd7 31.h5 Qxf5 32.Qg4 Rdd8 33.hxg6 hxg6 34.Qh4 Nb3 35.Rf3 Rd6 36.Rh3 Qg4+
37.Qxg4 Rdd8 38.Bd5 Nc5 39.Bc4 a6 40.Rf3 Rf8 41.d4 exd4 42.exd4 b5 43.Bd5 Na4
44.Kg2 Nb6 45.Ba2 Nc4 46.Qd7 f5 47.Kf2 Rde8 48.Qxe8 Rxe8 49.Rc3 Re6 50.Rc6 Rxc6
51.Rb3 Nd6 52.Ke3 Kf7 53.d5 Ke7 54.Kf3 f4 55.Kf2 Ne4+ 56.Kf1 Kd6  0-1

[Event "Blitz Match"]
[Site "Andorra AND"]
[Date "2003.03.12"]
[Round "2"]
[White "Ponomariov,R"]
[Black "De la Riva Aguado,O"]
[Result "1-0"]
[WhiteElo "2734"]
[BlackElo "2528"]

1.d4 f5 2.Nc3 Nf6 3.Bg5 d5 4.Bxf6 exf6 5.e3 Be6 6.Bd3 Qd7 7.h4 h5 8.Nh3 Nc6
9.a3 O-O-O 10.b4 Ne7 11.Nf4 Bf7 12.g3 Kb8 13.Be2 g6 14.Bf3 Bh6 15.Nd3 Nc8
16.Nc5 Qe8 17.Qd3 Nb6 18.a4 Nc4 19.O-O g5 20.Nxd5 Bxd5 21.Bxd5 Rxd5 22.Qxc4 Rd6
23.hxg5 fxg5 24.Qb5 Qc8 25.Kg2 f4 26.Rh1 h4 27.exf4 Rf8 28.Rae1 a6 29.Qd3 Bg7
30.c3 Rdf6 31.Re7 gxf4 32.Nd7+ Ka8 33.Rxg7 fxg3 34.fxg3 Rf2+ 35.Kh3 hxg3
36.Rg4 R2f6 37.Kxg3  1-0

[Event "Blitz Match"]
[Site "Andorra AND"]
[Date "2003.03.12"]
[Round "3"]
[White "De la Riva Aguado,O"]
[Black "Ponomariov,R"]
[Result "0-1"]
[WhiteElo "2528"]
[BlackElo "2734"]

1.e4 c6 2.Nc3 d5 3.Nf3 Bg4 4.h3 Bxf3 5.Qxf3 e6 6.g3 Nd7 7.Bg2 Ngf6 8.d4 dxe4
9.Nxe4 Nxe4 10.Qxe4 Nf6 11.Qe3 Nd5 12.Qe2 Bb4+ 13.Bd2 Bxd2+ 14.Qxd2 O-O 15.O-O Qb6
16.c4 Ne7 17.Rfd1 Rad8 18.Qc3 Rd7 19.Rd2 Rfd8 20.Rad1 g6 21.b3 a5 22.Be4 Qb4
23.Qe3 a4 24.h4 axb3 25.axb3 b5 26.h5 bxc4 27.bxc4 Qxc4 28.h6 Nd5 29.Qf3 Qb4
30.Rc2 Qf8 31.Kg2 Qxh6 32.Rxc6 Ne7 33.Rc4 Qg5 34.Rdc1 Rxd4 35.Rc7 R4d7 36.R7c5 Nd5
37.Bxd5 Rxd5 38.Rc7 Rf5 39.Qc3 Qd2  0-1

[Event "Blitz Match"]
[Site "Andorra AND"]
[Date "2003.03.12"]
[Round "5"]
[White "De la Riva Aguado,O"]
[Black "Ponomariov,R"]
[Result "1-0"]
[WhiteElo "2528"]
[BlackElo "2734"]

1.e4 e5 2.Nf3 Nc6 3.Bb5 Nf6 4.d3 d6 5.c3 g6 6.Nbd2 Bg7 7.Nf1 O-O 8.Ng3 Bd7
9.Ba4 Re8 10.O-O a6 11.Re1 b5 12.Bc2 Na5 13.b4 Nc6 14.a4 Ne7 15.h3 Qb8 16.a5 c5
17.Be3 cxb4 18.cxb4 Nc6 19.Rb1 d5 20.Bc5 d4 21.Bb3 Be6 22.Bxe6 Rxe6 23.Nd2 Nd7
24.Nb3 Re8 25.Qd2 Nxc5 26.Nxc5 Qd6 27.Rbc1 Bf8 28.Rc2 Nxa5 29.bxa5 Rec8 30.Rec1 Rc7
31.Nb3 Rxc2 32.Qxc2 Qb4 33.Rb1 Re8 34.Nf1 Re6 35.Nfd2 Qc3 36.Rc1 Qxc2 37.Rxc2 Bb4
38.Nb1 Kg7 39.Kf1 h5 40.Ke2 g5 41.Rc7 g4 42.h4 g3 43.N1d2 gxf2 44.Kxf2 Kg6
45.Nf3 f6 46.Ke2 Bc3 47.Nfd2 Rd6 48.Nf1 f5 49.exf5+ Kxf5 50.Kf3 Rf6 51.Ng3+ Kg6+
52.Ke2 Rf4 53.Rc6+ Kf7 54.Rxa6 Rg4 55.Kf2 Rf4+ 56.Kg1 Be1 57.Ne4 Ke7 58.Rb6 Rf8
59.Rxb5  1-0

[Event "Blitz Match"]
[Site "Andorra AND"]
[Date "2003.03.12"]
[Round "6"]
[White "Ponomariov,R"]
[Black "De la Riva Aguado,O"]
[Result "1-0"]
[WhiteElo "2734"]
[BlackElo "2528"]

1.e4 c5 2.Nf3 g6 3.d4 cxd4 4.Nxd4 Nc6 5.Nc3 Bg7 6.Be3 Nf6 7.Bc4 O-O 8.Bb3 d6
9.f3 Bd7 10.h4 Nxd4 11.Bxd4 b5 12.h5 e5 13.Be3 b4 14.Nd5 Nxd5 15.Bxd5 Rc8
16.hxg6 hxg6 17.Qd2 Be6 18.O-O-O Qc7 19.Bxe6 fxe6 20.Kb1 a5 21.Bh6 Rfd8 22.Bxg7 Qxg7
23.Qg5 Kf7 24.f4 exf4 25.Qxf4+ Ke7 26.Qg5+ Ke8 27.Qxa5 Rc5 28.Qxb4 Rdc8 29.Rxd6 Qe5
30.Qd4  1-0

[Event "16th Ciudad"]
[Site "Leon ESP"]
[Date "2003.06.08"]
[Round "2.4"]
[White "Ponomariov,R"]
[Black "Topalov,V"]
[Result "1/2-1/2"]
[WhiteElo "2718"]
[BlackElo "2735"]

1.d4 Nf6 2.c4 c5 3.d5 g6 4.Nc3 Bg7 5.e4 d6 6.Nf3 O-O 7.Be2 e6 8.O-O Na6 9.dxe6 Bxe6
10.Bf4 Qa5 11.Re1 Rfe8 12.Bf1 Bg4 13.h3 Bxf3 14.Qxf3 Nb4 15.Rac1 Nd7 16.Bxd6 Nxa2
17.Ra1 Qb6 18.Nb5 Nb4 19.Bc7 Qc6 20.Rad1 Nc2 21.Re2 a6 22.Rxc2 axb5 23.Bf4 b4
24.Rd6 Qxe4 25.Qxe4 Rxe4 26.Rxd7 Rxf4 27.g3 Rd4 28.Rxb7 Rd1 29.Kg2 Rb1 30.Bd3 Re8
31.Re2 Rxe2 32.Rb8+ Bf8 33.Bxe2 Rxb2 34.Bf3 Kg7 35.Bd5 f5 36.g4 Re2 37.Kf3 Re1
38.g5 Re7 39.h4 Rc7 40.Ke2 Ra7 41.Kd3 Rc7  1/2-1/2

[Event "EuTCh"]
[Site "Plovdiv BUL"]
[Date "2003.10.11"]
[Round "1"]
[White "Agrest,E"]
[Black "Ponomariov,R"]
[Result "1-0"]
[WhiteElo "2605"]
[BlackElo "2718"]

1.Nf3 Nf6 2.c4 b6 3.Nc3 Bb7 4.d3 Bxf3 5.exf3 c5 6.d4 cxd4 7.Qxd4 Nc6 8.Qd1 g6
9.Be2 Bg7 10.f4 O-O 11.Be3 e6 12.O-O Ne7 13.Qa4 Nf5 14.Rad1 Nxe3 15.fxe3 Qc7
16.Kh1 a6 17.Bf3 Ra7 18.Rd2 Rc8 19.Be2 Qb8 20.Qb3 Bf8 21.e4 d6 22.f5 Nd7
23.fxe6 fxe6 24.Bg4 Re8 25.Ne2 Ne5 26.Bxe6+ Rxe6 27.c5 d5 28.Qxd5 Re7  1-0

[Event "XXIX Vicente Bonil"]
[Site "Albox ESP"]
[Date "2005.06.04"]
[Round "3"]
[White "Del Rio Angelis,S"]
[Black "Ponomariov,R"]
[Result "1-0"]
[WhiteElo "2495"]
[BlackElo "2695"]

1.d4 Nf6 2.c4 e6 3.Nc3 Bb4 4.e3 c5 5.Ne2 b6 6.a3 Ba5 7.Rb1 Na6 8.Ng3 O-O
9.Bd3 d5 10.O-O cxd4 11.exd4 Bxc3 12.bxc3 dxc4 13.Bxc4 Qc7 14.Qe2 Nb8 15.Bb2 Nbd7
16.Bd3 Bb7 17.c4 Rfe8 18.f3 Rac8 19.Qf2 Qf4 20.Ne2 Qd6 21.Rfd1 Nf8 22.Rbc1 Ng6
23.Qg3 Qe7 24.Qg5 Red8 25.Ng3 Nd5 26.Qd2 Ndf4 27.Bxg6 Nxg6 28.d5 f6 29.Re1 Qf7
30.d6 e5 31.Qb4 Rc5 32.Red1 Qe6 33.Qd2 Nf4 34.a4 Rxc4 35.Rxc4 Qxc4 36.Nf5 Qe6
37.Qc2 e4 38.Qc7 Rd7 39.Qb8+ Kf7 40.Ne7 Rxe7 41.dxe7 Qxe7 42.Qxf4 exf3 43.Qc4+ Kf8
44.Rd8+ Qxd8 45.Ba3+ Ke8 46.Qe6+  1-0